[Event "OMA-ch 11th"]
[Site "Muscat"]
[Date "2024.01.30"]
[Round "8"]
[White "Al Kathiri, Hassan"]
[Black "Al Mashikhi, Salim Aliyan"]
[Result "0-1"]
[WhiteElo "1585"]
[BlackElo "1994"]
[PlyCount "94"]
[EventDate "2024.01.24"]
[EventType "swiss"]
[EventRounds "9"]
[EventCountry "OMN"]
[SourceTitle "CB06_2024"]
[SourceDate "2024.02.07"]
[SourceVersion "1"]
[SourceVersionDate "2024.02.07"]
[SourceQuality "1"]

1. e4 e5 2. Nc3 Nc6 3. f4 d6 4. Nf3 Bg4 5. h3 Bxf3 6. Qxf3 Nd4 7. Qd3 c6 8. Ne2 Nxe2 9. Bxe2 exf4 10. 0-0 g5 11. Qc3 Qf6 12. d4 Bg7 13. Rd1 Qe7 14. Bf3 h5 15. e5 d5 16. Qe1 Qe6 17. Qe2 Qg6 18. c4 Ne7 19. cxd5 cxd5 20. b3 Rd8 21. Ba3 Nf5 22. Bd6 Qe6 23. Qb5+ Qd7 24. Qxd5 Nxd6 25. exd6 Qxd6 26. Qxg5 Kf8 27. Rac1 Bf6 28. Qf5 Rg8 29. Rc8 Rg5 30. Rxd8+ Bxd8 31. Qe4 b5 32. Kh1 Bb6 33. Rc1 Kg7 34. h4 Rg6 35. Bxh5 Rh6 36. Qf5 Qe7 37. Qg4+ Kh7 38. Qf5+ Kg7 39. Bg4 Qxh4+ 40. Bh3 Bxd4 41. Qxb5 f3 42. Qf1 Qg3 43. Rc2 Be5 44. Qg1 fxg2+ 45. Qxg2 Rxh3+ 46. Kg1 Qxg2+ 47. Kxg2 Rh2+ 0-1

[Event "OMA-ch 11th"]
[Site "Muscat"]
[Date "2024.01.26"]
[Round "3"]
[White "Al Mashikhi, Salim Aliyan"]
[Black "Shimas, Said Issa"]
[Result "1-0"]
[WhiteElo "1994"]
[BlackElo "1601"]
[PlyCount "80"]
[EventDate "2024.01.24"]
[EventType "swiss"]
[EventRounds "9"]
[EventCountry "OMN"]
[SourceTitle "CB06_2024"]
[SourceDate "2024.02.07"]
[SourceVersion "1"]
[SourceVersionDate "2024.02.07"]
[SourceQuality "1"]

1. c4 e5 2. g3 Nc6 3. Bg2 Bc5 4. Nc3 d6 5. e3 a6 6. Nge2 Ba7 7. 0-0 h5 8. h3 h4 9. g4 f5 10. f3 Nh6 11. Nd5 Ne7 12. Nxe7 Qxe7 13. Nc3 c6 14. d4 Be6 15. b3 f4 16. Ne2 g5 17. exf4 gxf4 18. Re1 0-0-0 19. Kh2 d5 20. c5 Bb8 21. dxe5 Bxe5 22. Nd4 Bd7 23. Bb2 Nf7 24. b4 Rhe8 25. Qd2 Qf6 26. a4 Qg6 27. Bf1 Ng5 28. Kg2 Bc7 29. Bd3 Qf7 30. b5 cxb5 31. axb5 axb5 32. Ra8+ Bb8 33. Nxb5 Bxb5 34. Bxb5 Rxe1 35. Qxe1 Ne6 36. Be5 Nc7 37. Qa5 Qe7 38. Qa7 Nxb5 39. Rxb8+ Kd7 40. Rxb7+ Ke8 1-0

[Event "OMA-chT 6th"]
[Site "Muscat"]
[Date "2023.08.09"]
[Round "8.2"]
[White "Salim, Mohammed Salim Al"]
[Black "Al Mashikhi, Salim Aliyan"]
[Result "1-0"]
[WhiteElo "1885"]
[BlackElo "2080"]
[PlyCount "139"]
[EventDate "2023.08.03"]
[EventType "team-swiss"]
[EventRounds "9"]
[EventCountry "OMN"]
[SourceTitle "EXT 2024"]
[Source "ChessBase"]
[SourceDate "2023.10.10"]
[SourceVersion "1"]
[SourceVersionDate "2023.10.10"]
[SourceQuality "1"]
[WhiteTeam "Mirbat"]
[BlackTeam "Salalah II"]
[WhiteTeamCountry "OMN"]
[BlackTeamCountry "OMN"]

1. e4 e5 2. Nc3 Nc6 3. f4 d6 4. Nf3 Nf6 5. Bb5 Bg4 6. h3 Bxf3 7. Bxc6+ bxc6 8. Qxf3 Be7 9. fxe5 dxe5 10. d3 Rb8 11. 0-0 0-0 12. Kh1 Nd7 13. Nd1 Bg5 14. Ne3 g6 15. Nc4 Bxc1 16. Raxc1 Qg5 17. Qg4 Qxg4 18. hxg4 f6 19. b3 Kg7 20. a4 c5 21. Rf3 h6 22. Kg1 Rbe8 23. Kf2 Re6 24. Rh1 Nb8 25. Rfh3 Rh8 26. Ke2 Nc6 27. Rg3 Re7 28. Kd2 Rd7 29. Ne3 Nd4 30. Rgh3 Ne6 31. Kc3 c6 32. Nc4 Nf4 33. R3h2 Ne2+ 34. Kd2 Ng3 35. Re1 h5 36. Rh3 h4 37. Kc3 g5 38. Ne3 Rd4 39. Nf1 Nxf1 40. Rxf1 Rb8 41. Rfh1 Rh8 42. g3 a5 43. gxh4 gxh4 44. Rxh4 Rxh4 45. Rxh4 Rb4 46. Rh5 Rd4 47. Rf5 Kg6 48. Kd2 Rd8 49. Kc3 Rd4 50. Rf1 Rb4 51. Kd2 Rb8 52. Rh1 Kg7 53. Rh5 Rd8 54. Kc3 Rd4 55. g5 Kg6 56. Rh6+ Kxg5 57. Rh8 f5 58. Rg8+ Kf6 59. Rf8+ Ke7 60. Rxf5 Ke6 61. Rf8 Kd6 62. Ra8 Kc7 63. Ra7+ Kb6 64. Re7 Rd8 65. Rxe5 Rh8 66. Kc4 Rh2 67. c3 Rc2 68. Rxc5 Rxc3+ 69. Kxc3 Kxc5 70. d4+ 1-0

[Event "OMA-chT 6th"]
[Site "Muscat"]
[Date "2023.08.06"]
[Round "5.2"]
[White "Al Mashikhi, Salim Aliyan"]
[Black "Velavaa, Ragavesh"]
[Result "0-1"]
[WhiteElo "2080"]
[BlackElo "1824"]
[PlyCount "44"]
[EventDate "2023.08.03"]
[EventType "team-swiss"]
[EventRounds "9"]
[EventCountry "OMN"]
[SourceTitle "EXT 2024"]
[Source "ChessBase"]
[SourceDate "2023.10.10"]
[SourceVersion "1"]
[SourceVersionDate "2023.10.10"]
[SourceQuality "1"]
[WhiteTeam "Salalah II"]
[BlackTeam "Masirah White"]
[WhiteTeamCountry "OMN"]
[BlackTeamCountry "OMN"]

1. c4 f5 2. Nf3 Nf6 3. g3 d6 4. d4 e6 5. Bg2 Be7 6. 0-0 0-0 7. Nc3 Ne4 8. Nxe4 fxe4 9. Nd2 d5 10. Qb3 a5 11. a4 Kh8 12. f3 c5 13. cxd5 exd5 14. fxe4 Rxf1+ 15. Kxf1 Nc6 16. dxc5 Bxc5 17. exd5 Nd4 18. Qc4 b6 19. Qd3 Qf8+ 20. Bf3 Ba6 21. Qe4 Re8 22. Qg4 Rxe2 0-1

[Event "Olympiad-43"]
[Site "Batumi"]
[Date "2018.09.26"]
[Round "3.72"]
[White "Al Mashikhi, Salim Aliyan"]
[Black "Dabuae, David"]
[Result "1-0"]
[WhiteElo "2095"]
[BlackElo "1723"]
[PlyCount "91"]
[EventDate "2018.09.24"]
[EventType "team-swiss"]
[EventRounds "11"]
[EventCountry "GEO"]
[SourceTitle "CBM 187"]
[Source "ChessBase"]
[SourceDate "2018.12.11"]
[SourceVersion "1"]
[SourceVersionDate "2018.12.11"]
[SourceQuality "1"]
[WhiteTeam "Oman"]
[BlackTeam "Nauru"]
[WhiteTeamCountry "OMN"]
[BlackTeamCountry "NAU"]

1. c4 Nf6 2. Nf3 g6 3. g3 Bg7 4. Bg2 0-0 5. 0-0 c6 6. Nc3 d5 7. cxd5 cxd5 8. d4 Nc6 9. Ne5 e6 10. Bg5 h6 11. Bf4 a6 12. Nxc6 bxc6 13. Qc1 Kh7 14. Na4 Qa5 15. b3 Bd7 16. Nc5 Bc8 17. e3 Nd7 18. Bd6 Re8 19. b4 Qd8 20. Nb3 Bb7 21. Na5 Qb6 22. Rb1 Rac8 23. Qa3 Ba8 24. Rfc1 e5 25. dxe5 Nxe5 26. Bc5 Qd8 27. Bd4 Qd7 28. Bxe5 Rxe5 29. Qd3 Qa7 30. Bf1 Bb7 31. Nxb7 Qxb7 32. Qxa6 Qd7 33. b5 c5 34. b6 c4 35. b7 Rb8 36. Qb5 Qf5 37. Qc5 Qd7 38. Qa7 Ree8 39. a4 Red8 40. a5 Qa4 41. a6 Be5 42. Qb6 Rd7 43. Qb5 Qxb5 44. Rxb5 Rd6 45. a7 Rxb7 46. Rxb7 1-0

[Event "Asia Cup"]
[Site "Abu Dhabi"]
[Date "2016.04.02"]
[Round "6.2"]
[White "Alhadad, Mahmoud"]
[Black "Al Mashikhi, Salim Aliyan"]
[Result "0-1"]
[WhiteElo "1995"]
[BlackElo "2088"]
[PlyCount "96"]
[EventDate "2016.03.28"]
[EventType "team-swiss"]
[EventRounds "9"]
[EventCountry "UAE"]
[SourceTitle "CBM 171 Extra"]
[Source "ChessBase"]
[SourceDate "2016.04.26"]
[SourceVersion "1"]
[SourceVersionDate "2016.04.26"]
[SourceQuality "1"]
[WhiteTeam "Palestine"]
[BlackTeam "Oman"]
[WhiteTeamCountry "PLE"]
[BlackTeamCountry "OMN"]

1. e4 e6 2. d4 d5 3. e5 c5 4. c3 Nc6 5. Nf3 Nge7 6. Bd3 Ng6 7. 0-0 Be7 8. Re1 0-0 9. Be3 Qb6 10. b3 Bd7 11. Nbd2 Qa5 12. Rc1 cxd4 13. cxd4 Nb4 14. Bb1 Nxa2 15. Bxa2 Qxa2 16. Ra1 Qb2 17. Nf1 Qc3 18. Bd2 Qc7 19. Ng3 Rfc8 20. Ng5 h6 21. Nxf7 Kxf7 22. Qh5 Be8 23. Bxh6 Kg8 24. Re3 gxh6 25. Qxh6 Bf8 26. Qh3 Qh7 27. Qxe6+ Bf7 28. Qf5 Ne7 29. Qg5+ Qg6 30. Qh4 Rc6 31. f4 Nf5 32. Nxf5 Qxf5 33. g4 Qxf4 34. Rd3 Rg6 35. h3 Rc8 36. Rf1 Rc1 37. Qf2 Qxf2+ 38. Kxf2 Rc2+ 39. Kg3 Be6 40. Rf6 Rxf6 41. exf6 Kf7 42. g5 Bf5 43. Re3 Be4 44. Kg4 Kg6 45. h4 Rg2+ 46. Kh3 Bd6 47. Rxe4 Rg3+ 48. Kh2 dxe4 0-1